Central Library OPAC University of Rajshahi

গণমাধ্যমের রাজনৈতিক অর্থনীতি : (Record no. 74252)

MARC details
000 -LEADER
fixed length control field 01173nam a2200241 a 4500
001 - CONTROL NUMBER
control field 74252
003 - CONTROL NUMBER IDENTIFIER
rucl marc code BD-RjUL
005 - DATE AND TIME OF LATEST TRANSACTION
control field 20211209082526.0
008 - FIXED-LENGTH DATA ELEMENTS--GENERAL INFORMATION
fixed length control field 180417s2007 bg a|||| b||| 001 0 ben d
020 ## - INTERNATIONAL STANDARD BOOK NUMBER
International Standard Book Number 9847001900066
Terms of availability : Tk. 300.00
035 ## - SYSTEM CONTROL NUMBER
System control number (BD-RjUL)74470
040 ## - CATALOGING SOURCE
Original cataloging agency BD-RjUL
Language of cataloging ben
Transcribing agency BD-RjUL
Modifying agency BD-RjUL
041 ## - LANGUAGE CODE
Language code of text/sound track or separate title ben
082 ## - DEWEY DECIMAL CLASSIFICATION NUMBER
Edition number 23
Classification number 302.23
Author mark and year GON 2007
245 1# - TITLE STATEMENT
Title গণমাধ্যমের রাজনৈতিক অর্থনীতি :
Remainder of title নয়া তথ্যযুগে পুঁজিবাদ আর গণতন্ত্র /
Statement of responsibility, etc. সম্পাদনা ; মুসতাক আহমেদ,
260 ## - PUBLICATION, DISTRIBUTION, ETC. (IMPRINT)
Place of publication, distribution, etc. ঢাকা :
Name of publisher, distributor, etc. এ এইচ ডেভেলপমেন্ট পাবলিশিং হাউস,
Date of publication, distribution, etc. ২০০৭
300 ## - PHYSICAL DESCRIPTION
Pagination ২২১ পৃ. :
Illustrations চিত্র ;
Size ২১ সেমি.
504 ## - BIBLIOGRAPHY, ETC. NOTE
Bibliography, etc গ্রন্থপঞ্জীগত তথ্য ও নির্ঘন্ট সংযুক্ত ।
650 ## - SUBJECT ADDED ENTRY--TOPICAL TERM
Topical term or geographic name as entry element গণমাধ্যম এবং প্রযুক্তি
9 (RLIN) 221166
Topical term or geographic name as entry element Mass media and technology
9 (RLIN) 221167
700 ## - ADDED ENTRY--PERSONAL NAME
Personal name আহমেদ, মুসতাক
942 ## - ADDED ENTRY ELEMENTS (KOHA)
Source of classification or shelving scheme Dewey Decimal Classification
Koha item type Books
Holdings
Lost status Source of classification or shelving scheme Damaged status Not for loan Collection code Permanent Location Current Location Shelving location Date acquired Source of acquisition Cost, normal purchase price Total Checkouts Full call number Date last seen Copy number Koha item type Date checked out
  Dewey Decimal Classification   Not For Loan Non-fiction Central Library, University of Rajshahi Central Library, University of Rajshahi Reading Room 05/04/2017 Biddashagor, Rajshahi 300.00   B 302.23 GON 2007 17/04/2018 C-1 Books  
  Dewey Decimal Classification     Non-fiction Central Library, University of Rajshahi Central Library, University of Rajshahi   05/04/2017 Biddashagor, Rajshahi 300.00 1 B 302.23 GON 2007 08/10/2018 C-2 Books 30/09/2018
  Dewey Decimal Classification     Non-fiction Central Library, University of Rajshahi Central Library, University of Rajshahi   05/04/2017 Biddashagor, Rajshahi 300.00   B 302.23 GON 2007 17/07/2018 C-3 Books